00282nam a22001217a 4500020001800000082001500018100001800033245004000051260002200091300000800113650001800121653002100139 a81-8204-024-8 a648.1bAGG aAGGARWAL, D.K aTEXTILE & LAUNDRY IN HOTEL INDUSTRY aDELHIbAMANc2006 a273 aHOTEL SERVICE aLAUNDRY, TEXTILE